Esposas do Rei Henrique VIII - Statistics

Estatísticas Gerais
  • Esse quiz foi jogado 13 vezes
  • A pontuação média é 3 de 6
Estatísticas das Respostas
Período Nome % Correto
1533-1536 Ana Bolena
100%
1509–1533 Catarina de Aragão
82%
1540-1540 Ana de Cleves
45%
1540-1541 Catarina Howard
45%
1543-1547 Catarina Parr
45%
1536-1537 Joana Seymour
18%
Nenhum quiz correspondente encontrado
Distribuição das Pontuações
Porcentagem de Pessoas com Cada Pontuação
Percentil de Números Respondidos
Sua Pontuação Histórica
Você não jogou esse quiz